| 000 | 00928cam a22003015i 4500 | ||
|---|---|---|---|
| 999 |
_c27165 _d27137 |
||
| 001 | 2439888 | ||
| 003 | OSt | ||
| 005 | 20201112142121.0 | ||
| 008 | 880113r20011997ja a fr 000 0 eng d | ||
| 020 | _a087040993X | ||
| 020 | _a9780870409936 | ||
| 040 |
_aDLC _cDLC _dDLC _dEG-ScBUE _beng |
||
| 041 |
_ajpn _heng |
||
| 043 | _aa-ja--- | ||
| 082 | 0 | 4 |
_a712.60952 _222 _bOHA |
| 100 | 1 |
_aOhashi, Haruzo, _d1927- |
|
| 245 | 1 | 0 |
_aJapanese courtyard gardens = _b[Tsuboniwa] / _cphotographs by Haruzo Ohashi. |
| 264 | 1 |
_aJapan : _bGraphic-sha Publishing , _c2001. |
|
| 300 |
_a107 p. : _bchiefly col. illustrations ; _c25 x 26 cm. |
||
| 336 |
_2rdacontent _atxt _btxt |
||
| 337 |
_2rdamedia _aunmediated _bn |
||
| 338 |
_2rdacarrier _avolume _bnc |
||
| 650 | 7 |
_2BUEsh _aCourtyard gardens _zJapan. _942031 |
|
| 650 | 7 |
_aCourtyard gardens. _2BUEsh |
|
| 653 |
_bENGARC _cFebruary2019 |
||
| 740 | 0 | _aTsuboniwa. | |
| 942 |
_2ddc _cBB |
||